Álgebra (Registro nro. 6696)

Detalles MARC
000 -Cabecera
Campo de control de longitud fija 00858atm a2200385 4500
005 - Fecha y hora de la última transacción
Campo de control 20251114095235.0
008 - Elementos de longitud fija--Información general
Campo de control de longitud fija 150728b2000 xxu||||| |||| 00| 0 spa d
020 ## - International Standard Book Number
Número Internacional Estándar del Libro (ISBN) 0070063214
041 ## - Idioma
Código de idioma Español
082 ## - Clasificación Decimal Dewey
Número de clasificación 512 B261a6
100 ## - Entrada principal--Autor personal
Nombre personal Barnett, Raymond
9 (RLIN) 15978
100 ## - Entrada principal--Autor personal
Nombre personal Ziegler, Michael
9 (RLIN) 38890
100 ## - Entrada principal--Autor personal
Nombre personal Byleen, Karl
9 (RLIN) 38891
245 ## - Título propiamente dicho
Título Álgebra
250 ## - Edición
Mención de edición 6 edición
260 ## - Pie de imprenta
Lugar de publicación, distribución, etc. México
260 ## - Pie de imprenta
Nombre del editor, distribuidor, etc. McGraw-Hill
260 ## - Pie de imprenta
Fecha de publicación, distribución, etc. 2000
300 ## - Descripción física
Extensión 657 páginas
490 ## - Serie
Título de la Serie Temática General
650 ## - Materia general
Temática (materia general) ÁLGEBRA
650 ## - Materia general
Temática (materia general) OPERACIONES
650 ## - Materia general
Temática (materia general) ECUACIONES
650 ## - Materia general
Temática (materia general) GRÁFICAS
650 ## - Materia general
Temática (materia general) FUNCIONES
650 ## - Materia general
Temática (materia general) MATRICES
650 ## - Materia general
Temática (materia general) DETERMINANTES
650 ## - Materia general
Temática (materia general) GEOMETRÍA ANALÍTICA
942 ## - Punto de acceso adicional KOHA
Tipo de ítem KOHA Libro
Fuente del sistema de clasificación o colocación Dewey Decimal Classification
Existencias
Signatura completa Código de barras Programa Académico Tipo de ítem
512 B261a6 11872   Libro